| 000 | 00678nam a2200229Ia 4500 | ||
|---|---|---|---|
| 003 | BUBTL | ||
| 008 | 151213s9999 xx 000 0 und d | ||
| 020 | _a0-07-252812-5 | ||
| 082 |
_a658.1511 _bGAA |
||
| 100 | _aRay H. Garrieon & Eric W. Noreen | ||
| 245 |
_aManagerial accounting _cRay H. Garrieon & Eric W. Noreen |
||
| 250 | _a10th | ||
| 260 |
_aBoston _bMc - Grew Hill _c2003 |
||
| 300 |
_a[xxxvi] , 838p . : _bill , Graph ; 24cm . _cAccounting . |
||
| 500 | _aIncludes Index . | ||
| 650 | _aAccounting | ||
| 650 | _aAccounting | ||
| 700 | _aRay H. Garrieon & Eric W. Noreen | ||
| 856 |
_k0 _l0 _yDownload |
||
| 942 |
_2ddc _cBK |
||
| 999 |
_c1628 _d1628 |
||